000 01042nam a2200229 4500
005 20240530110550.0
008 160625s2013 ua ||||| b||| 00| 0 ara d
017 _a2013/13225
_bمصر. مصر دار الكتب المصرية
020 _a9789773223113
040 _aEG-CaGPL
082 0 4 _a027.00953/
_bهـ م
_221
100 0 _aهالة شاكر عبدالرحمن
245 1 2 _aالمكتبات فى المشرق الاسلامى :
_bايران - خراسان - ما وراء النهر منذ عصر المامون وحتى القرن السابع الهجرى /
_cهالة شاكر عبدالرحمن
250 _aط. 1.
260 _aالجيزة، مصر :
_bعين للدارسات والبحوث الانسانية والاجتماعية،
_c2013.
300 _a333 ص. ؛
_c24 سم.
504 _aببليوجرافية : ص. 313-327.
650 0 4 _aالمكتبات
_xتاريخ
_yالعصر العباسى
650 0 4 _aالمكتبات
_zايران
942 _2ddc
_cBK
999 _c62430
_d62430